Guess the Fusion Rock Song Lyrics #230 - Statistics

General Stats
  • This quiz has been taken 11 times
  • The average score is 88 of 228
Answer Stats
Answer % Correct
a
88%
A
88%
An
88%
the
88%
and
75%
as
75%
As
75%
he
75%
When
75%
you
75%
all
63%
at
63%
in
63%
Johnny Cash
63%
of
63%
old
63%
on
63%
On
63%
one
63%
they
63%
to
63%
will
63%
but
50%
by
50%
could
50%
day
50%
For
50%
from
50%
hear
50%
If
50%
ride
50%
sky
50%
Their
50%
their
50%
Then
50%
way
50%
were
50%
your
50%
call
38%
cowboy
38%
Ghost
38%
heard
38%
him
38%
his
38%
made
38%
oh
38%
once
38%
or
38%
our
38%
out
38%
riders
38%
saw
38%
that
38%
up
38%
us
38%
want
38%
ways
38%
with
38%
ain't
25%
along
25%
black
25%
coming
25%
feel
25%
got
25%
He's
25%
horses
25%
hot
25%
name
25%
red
25%
ridin
25%
these
25%
through
25%
today
25%
went
25%
yi
25%
across
13%
caught
13%
Cause
13%
change
13%
cows
13%
cry
13%
dark
13%
endless
13%
fire
13%
forever
13%
hard
13%
hell
13%
herd
13%
hooves
13%
range
13%
save
13%
soul
13%
they've
13%
yay
13%
yet
13%
Yippie
13%
yippie
13%
blurred
0%
bolt
0%
brands
0%
breath
0%
catch
0%
cloudy
0%
Devil's
0%
draw
0%
em
0%
eyed
0%
eyes
0%
faces
0%
fear
0%
gaunt
0%
horns
0%
loped
0%
mighty
0%
mournful
0%
Plowin
0%
ragged
0%
rested
0%
ridge
0%
shiny
0%
shirts
0%
skies
0%
snortin
0%
soaked
0%
steel
0%
still
0%
sweat
0%
thundered
0%
Tryin
0%
Upon
0%
windy
0%
No matching quizzes found
Score Distribution
Percent of People with Each Score
Percentile by Number Answered
Your Score History
You have not taken this quiz